000 00522cam a2200193ua 4500
001 2047
008 110805n ii |||gr||||Z||||||eng
040 _cMAIN
082 _a370.54
100 _aSharma, Indira,
_eAuthor.
245 1 _aHistory and problems of indian education
_cby Indira Sharma
250 _a1st.
260 _aAgra:
_bVinnod Pustak Mandir,964.
300 _a320p:
_c23cm.
653 _aEducation
653 _aHistory and problems of indian education
700 _aSharma, N. R.,
_eAuthor.
942 _cBK
999 _c1918
_d1918